15 krajów o największej liczbie zgonów Covid19 - 1 września 2022 - Statystyki

Ogólne statystyki
  • Ten quiz został rozwiązany 59 razy
  • Średni wynik to 12 z 27
Statystyki odpowiedzi
kraj % Poprawnych
Polska
95%
Rosja
95%
Stany Zjednoczone
89%
Niemcy
84%
Francja
80%
Włochy
77%
Indie
68%
Brazylia
63%
Wielka Brytania
59%
Argentyna
57%
Meksyk
54%
Czechy
34%
Słowacja
32%
Indonezja
30%
Rumunia
29%
Kolumbia
27%
Iran
25%
Litwa
21%
Łotwa
21%
Peru
21%
Bułgaria
20%
Węgry
20%
Chorwacja
18%
Słowenia
18%
Gruzja
7%
Macedonia Północna
5%
Bośnia i Hercegowina
4%
Nie znaleziono quizów pasujących do podanych kryteriów
Rozkład punktacji
Procent ludzi z każdym wynikiem
Percentyl według liczby udzielonych odpowiedzi
Twoja historia wyników
Nie rozwiązałeś tego quizu